Statistics for Top NHL Teams

Click here to take the quiz!

General Stats

  • This quiz has been taken 26 times
  • The average score is 16 of 30

Answer Stats

HintAnswer% Correct
1.St. Louis Blues
73%
2.Boston Bruins
68%
4.Chicago Blackhawks
64%
30.Florida Panthers
64%
3.Los Angeles Kings
64%
7.Pittsburgh Penguins
64%
5.Anaheim Ducks
59%
27.Buffalo Sabres
59%
29.Edmonton Oilers
59%
24.Ottawa Senators
59%
28.Calgary Flames
55%
17.Detroit Red Wings
55%
13.Montreal Canadiens
55%
12.New York Rangers
55%
11.Philadelphia Flyers
55%
6.San Jose Sharks
55%
8.Tampa Bay Lightning
55%
26.Carolina Hurricanes
50%
9.Colorado Avalanche
50%
10.Minnesota Wild
50%
20.Phoenix Coyotes
50%
23.Vancouver Canucks
50%
14.Washington Capitals
50%
18.Winnipeg Jets
50%
15.Columbus Blue Jackets
45%
16.Dallas Stars
45%
19.New Jersey Devils
45%
25.New York Islanders
45%
21.Toronto Maple Leafs
45%
22.Nashville Predators
41%

Score Distribution

Percentile by Number Answered

Percent of People with Each Score

Your Score History

You have not taken this quiz